000 00331nam a22001337a 4500
020 _a023-9896-89-9
041 _aENG
100 _aJagdish P.
245 _aPrinciples And Practices of Dairy Farm Management
260 _aAllahabad
_bJagdish Prasad
_c1989
300 _a619
650 _aAgricultural
856 _uAgricultural ( 20 )
999 _c287
_d287